000 003350000a22000970004500
100 1 _aCato, Marguerite
245 1 0 _aMission improbable : Canadian woman travies to Mexico, and her life has never been the same since
300 _aVol. 76, Num 3 (Julio-Septiambre, 1996), Páginas 18-19
773 0 _tLatin America Evangelist
942 _cANA
999 _c54983
_d54983